000 00661nam a2200241Ia 4500
003 OSt
005 20220924124112.0
006 a|||||r|||| 00| 0
007 ta
008 220923b |||||||| |||| 00| 0 urd d
020 _c10.00
024 _a321492
037 _cTextual
040 _aARTS
_cARTS
_burd
041 _2urd
_aurd
082 _aQ7:21:g, 168H5.1.-3
100 _aParvez Ghulam Ajad Au.
_9194802
245 0 _aMuariful Quran
260 _aNew Delhi
_b Muariful Quran India
_c1945
650 _aQURAN
_933479
942 _hQ7:21:g, 168H5.1.-3
_cTEXL
_2CC
999 _c418391
_d418391